| 000 | 00686cam a22002413a 4500 | ||
|---|---|---|---|
| 001 | 1337 | ||
| 003 | PGUSA | ||
| 005 | 20140828083000.0 | ||
| 008 | 980601s1998||||xxu|||||s|||||000 | eng d | ||
| 040 |
_aPGUSA _beng |
||
| 042 | _adc | ||
| 050 | 4 | _aPR | |
| 100 | 1 |
_aWaterlow, Sydney, _d1878-1944 |
|
| 245 | 1 | 0 |
_aShelley _h[electronic resource] / _cSydney Waterlow |
| 260 |
_bProject Gutenberg, _c1998 |
||
| 506 | _aPublic domain in the USA. | ||
| 516 | _aElectronic text | ||
| 653 | _aShelley, Percy Bysshe, 1792-1822 | ||
| 653 | _aPoets, English -- 19th century -- Biography | ||
| 830 | 0 |
_aProject Gutenberg _v1337 |
|
| 856 | 4 | 0 | _uhttp://www.gutenberg.org/ebooks/1337 |
| 942 | _cEB | ||
| 999 |
_c230685 _d230685 |
||